000 00995cam a2200337M 4500
001 99661
005 20230410132844.0
008 960124s1966 ag 000 0dspa d
035 _a(OCoLC)ocn651481374
040 _aBNMEX
_bspa
_cBNMEX
035 _a(OCoLC)651481374
041 1 _aspa
_heng
049 _aGRAL
050 1 4 _aB E 340
_bW385S 1966
082 0 0 _a923.273
100 1 _aSteinberg, Alfred,
_d1917-
245 1 0 _aDaniel Webster /
_cAlfred Steinberg; [Tr. de Diana Montes].
260 _aBuenos Aires :
_bPlaza & Janes,
_c[c1966]
300 _a143 p. :
_bil. ;
_c17 cm.
490 1 _aAlboreal ;
_v109
500 _aTítulo original: Daniel Webster.
600 1 0 _aWebster, Daniel, 1782-1852
_xJuvenile literature.
600 1 4 _aWebster, Daniel
_d1782-1852
_xLiteratura juvenil.
650 4 _aCFB
650 4 _aColección Font Bernard.
700 1 2 _aMontes, Diana,
_etr.
830 0 _aColec. alboreal ;
_v109.
942 _2lcc
_cbk
994 _aC0
_bDRFGD
946 _aNBM
999 _c89002
_d89002